000 00361nam a2200145Ia 4500
008 230917s9999||||xx |||||||||||||| ||und||
040 _e108575
_aMAIN
041 _aEnglish
082 _a658.42 I2E
100 _aICFAI
245 0 _aEffective cost management: concepts and experience
260 _aHyderabad
_bICFAI
_c2004
300 _a185p p.
942 _cBK
999 _c122973
_d122973